[Event "North Idaho Open"]
[Site "Coeur d'Alene, ID"]
[Date "2019.10.19"]
[Round "2"]
[White "Varner, Murlin"]
[Black "Cambareri, Michael"]
[Result "0-1"]
[WhiteElo "1530"]
[BlackElo "2053"]

1. c4 f5 2. Nc3 Nf6 3. g3 c6 4. Bg2 d5 5. cxd5 cxd5 6. d4 e6 7. Nf3 Bd6 8. O-O
Bd7 9. Bg5 O-O 10. Ne5 h6 11. Nxd7 Nbxd7 12. Bxf6 Nxf6 13. e3 Rc8 14. Qb3 Qe7
15. Rac1 Qf7 16. Nb5 Bb8 17. a4 Qh5 18. h3 Ne4 19. Qd3 Kh7 20. Nc3 Qg5 21.
Nxe4 dxe4 22. Qe2 h5 23. h4 Qh6 24. Kh2 Rg8 25. Bh3 g5 26. hxg5 Qxg5 27. f4
Qxg3+ 28. Kh1 Qxh3+ 29. Qh2 Qxh2+ 30. Kxh2 Bd6 31. Rg1 Rxg1 32. Rxc8 Rb1 33.
Rd8 Rxb2+ 34. Kg3 Ba3 35. Kh4 Be7+ {#R} 0-1

[Event "North Idaho Open"]
[Site "Coeur d'Alene, ID"]
[Date "2019.10.20"]
[Round "4"]
[White "Rhoades, Alan"]
[Black "Raelund, Antonius"]
[WhiteElo "1750"]
[BlackElo "1904"]

1. Nf3 Nf6 2. c4 g6 3. d4 c5 4. Nc3 cxd4 5. Nxd4 Nc6 6. g3 Bg7 7. Bg2 O-O 8.
O-O a6 9. a3 Nxd4 10. Qxd4 d6 11. Rd1 Rb8 12. Qd3 Bd7 13. c5 Ne8 14. cxd6 Nxd6
15. Bf4 Bf5 16. e4 Bg4 17. f3 Qb6+ 18. Be3 Qxb2 19. Na4 Qb5 20. Qxb5 axb5 21.
Nc5 Bc8 22. Rab1 b6 23. Nd3 Be6 24. Nf4 Bc4 25. Nd5 Bxd5 26. Rxd5 Nc4 27. Bc1
Rfd8 28. Rbxb5 e6 29. Rxd8+ Rxd8 30. Bf1 Rd1 31. Rb1 Nd2 32. Bxd2 Bd4+ 33. Kh1
Rxb1 34. Kg2 Rb2 *

[Event "North Idaho Open"]
[Site "Coeur d'Alene, ID"]
[Date "2019.10.19"]
[Round "2"]
[White "Rainey, Sam"]
[Black "Rhoades, Alan"]
[Result "1/2-1/2"]
[WhiteElo "1598"]
[BlackElo "1750"]

1. d4 Nf6 2. c4 e6 3. Nf3 b6 4. g3 Bb7 5. Bg2 Be7 6. Nc3 O-O 7. O-O d5 8. b3
Nbd7 9. Qc2 c5 10. dxc5 Nxc5 11. Nd2 Rc8 12. Bb2 Qd7 13. Rad1 Rfd8 14. e4 d4
15. Nb5 d3 16. Qc3 a6 17. Nd4 Nfxe4 18. Nxe4 Bxe4 19. Bxe4 Nxe4 20. Qxd3 Nc5
21. Qe2 Qb7 22. Qg4 Qe4 23. Qxe4 Nxe4 24. Rfe1 Nc5 25. Nf5 exf5 26. Rxd8+ Rxd8
27. Rxe7 Kf8 28. Ra7 Rd2 29. Be5 Rxa2 30. Bd6+ Ke8 31. Re7+ Kd8 32. Bxc5 bxc5
33. Rxf7 g6 34. Rxh7 Rb2 35. Rg7 Rxb3 36. Rxg6 Ra3 37. h4 Ke7 38. h5 Kf7 39.
Rc6 Ra1+ 40. Kg2 a5 41. Rxc5 a4 42. Rxf5+ Kg7 43. Ra5 a3 44. Ra6 a2 45. h6+
Kh7 46. g4 Rc1 47. Rxa2 Rxc4 48. Kg3 Kxh6 49. Ra6+ Kg7 50. f4 Rb4 51. g5 Rc4
52. Kg4 Rb4 53. Ra7+ Kg6 54. Ra6+ Kg7 55. Rf6 Rb1 56. Ra6 {#d} 1/2-1/2

[Event "North Idaho Open"]
[Site "Coeur d'Alene, ID"]
[Date "2019.10.19"]
[Round "2"]
[White "Herr, Griffin"]
[Black "Raelund, Antonius"]
[Result "0-1"]
[WhiteElo "1569"]
[BlackElo "1904"]

1. d4 Nf6 2. c4 c5 3. d5 e6 4. Nc3 exd5 5. cxd5 d6 6. e4 g6 7. Bg5 h6 8. Bh4
Bg7 9. f4 O-O 10. Nf3 Re8 11. Bd3 Qb6 12. Bxf6 Bxf6 13. Rb1 Bg4 14. Be2 Bxf3
15. Bxf3 Qb4 16. O-O Qd4+ 17. Kh1 Qxd1 18. Rfxd1 Bxc3 19. bxc3 b6 20. e5 dxe5
21. fxe5 Na6 22. d6 Rad8 23. Re1 Nb8 24. Re2 f6 25. Rbe1 fxe5 26. Rxe5 Kf8 27.
Re6 Rxe6 28. Rxe6 Re8 29. Bd5 Nd7 30. Kg1 Rxe6 31. Bxe6 Nf6 32. Kf1 Ne4 33. d7
Ke7 34. c4 Nf6 35. Ke2 Nxd7 36. Bd5 Nf6 37. Bf3 Ke6 38. Kd3 Ke5 39. g3 Ng8 40.
Ke3 Ne7 41. Kd3 {I cannot figure out where his knight went.} Nf5 42. Bb7 a5
43. Bd5 a4 44. Be4 Nd6 45. g4 Nf7 46. Bf3 Kf4 47. Bd1 Ng5 {#R} 0-1

[Event "North Idaho Open"]
[Site "Coeur d'Alene, ID"]
[Date "2019.10.19"]
[Round "3"]
[White "Rhoades, Alan"]
[Black "Burnett, Jeremy"]
[Result "1-0"]
[WhiteElo "1685"]
[BlackElo "1750"]

1. Nf3 Nf6 2. c4 g6 3. d4 d5 4. b3 Bg7 5. Bb2 O-O 6. g3 b6 7. Bg2 Bb7 8. Nbd2
c5 9. dxc5 dxc4 10. Nxc4 b5 11. Ncd2 Qa5 12. a3 b4 13. axb4 Qxb4 14. Ba3 Qb5
15. Qc1 Ne4 16. Rb1 Nc3 17. Nc4 Nxb1 18. Qxb1 Bd5 19. Nd4 Bxd4 20. Bxd5 Nc6
21. b4 Bc3+ 22. Kf1 Rfd8 {scoresheet wrong after this (Bb3?)} {#r} 1-0

[Event "North Idaho Open"]
[Site "Chess.com"]
[Date "2020.10.24"]
[Round "1"]
[White "little_pikachu_soya"]
[Black "caracleliem"]
[Result "1/2-1/2"]
[WhiteElo "1633"]
[BlackElo "1270"]

1. d4 } 1... d5 } 2. c4 } 2... c6 } 3. e3 } 3... Nf6 } 4. Nc3 } 4... e6 } 5.
Bd3 } 5... dxc4 } 6. Bxc4 } 6... b5 } 7. Bd3 } 7... Bd6 } 8. Nf3 } 8... O-O }
9. O-O } 9... a6 } 10. e4 } 10... Bc7 } 11. Bg5 } 11... h6 } 12. Bh4 } 12...
g5 } 13. Bg3 } 13... Nbd7 } 14. Bxc7 } 14... Qxc7 } 15. Qc2 } 15... e5 } 16.
dxe5 } 16... Nxe5 } 17. Nxe5 } 17... Qxe5 } 18. Ne2 } 18... Ng4 } 19. Ng3 }
19... Bb7 } 20. h3 } 20... Ne3 } 21. fxe3 } 21... Qxg3 } 22. Qf2 } 22... Qxf2+
} 23. Rxf2 } 23... Rad8 } 24. Bc2 } 24... Kg7 } 25. Raf1 } 25... c5 } 26. b3 }
26... b4 } 27. Rf5 } 27... Rc8 } 28. Re5 } 28... Rfe8 } 29. Rff5 } 29... f6 }
30. Rxc5 } 30... Rxc5 } 31. Rxc5 } 31... Bxe4 } 32. Bxe4 } 32... Rxe4 } 33.
Kf2 } 33... Re5 } 34. Rxe5 } 34... fxe5 } 35. Kf3 } 35... Kf6 } 36. Ke4 }
36... Ke6 } 37. g3 } 37... h5 } 38. g4 } 38... h4 } 39. Kd3 } 39... Kd5 } 40.
e4+ } 40... Kc5 } 41. Ke3 } 41... a5 } 42. Kd3 } 42... Kb5 } 43. Ke2 } 43...
Kc5 } 44. Ke3 } 44... Kb5 } 45. Kd3 } 45... Kc5 } 46. Ke3 } 46... Kb5 } {#d}
1/2-1/2

[Event "North Idaho Open"]
[Site "Chess.com"]
[Date "2020.10.24"]
[Round "1"]
[White "BatmanNelson"]
[Black "jovial_adversary"]
[Result "0-1"]
[WhiteElo "1372"]
[BlackElo "1886"]

1. e4 } 1... e5 } 2. Nf3 } 2... Nc6 } 3. Bb5 } 3... a6 } 4. Ba4 } 4... Nf6 }
5. Nc3 } 5... b5 } 6. Bb3 } 6... d6 } 7. h3 } 7... Be6 } 8. Bxe6 } 8... fxe6 }
9. O-O } 9... Be7 } 10. d3 } 10... O-O } 11. Bg5 } 11... Qd7 } 12. b3 } 12...
Nd8 } 13. Ne2 } 13... c5 } 14. a3 } 14... Nf7 } 15. Rb1 } 15... Nxg5 } 16.
Nxg5 } 16... Nh5 } 17. Nf3 } 17... Nf4 } 18. Ng3 } 18... Rf7 } 19. c4 } 19...
Raf8 } 20. Nd2 } 20... Nxd3 } 21. Qe2 } 21... Nf4 } 22. Qe3 } 22... Bg5 } 23.
Ne2 } 23... Bh6 } 24. Nxf4 } 24... Rxf4 } 25. Qe2 } 25... Qf7 } 26. Nf3 }
26... Qg6 } 27. cxb5 } 27... axb5 } 28. a4 } 28... bxa4 } 29. bxa4 } 29...
Rxf3 } 30. Ra1 } 30... Rxh3 } 31. a5 } 31... Rb3 } 32. a6 } 32... Rbb8 } 33.
a7 } 33... Ra8 } 34. Rfb1 } 34... Bf4 } 35. Kf1 } 35... Qh6 } 36. Ke1 } 36...
Qg6 } 37. g3 } 37... Bh6 } 38. Qd3 } 38... Qf7 } 39. Qxd6 } 39... Qxf2+ } 40.
Kd1 } 40... Qd4+ } 41. Qxd4 } 41... exd4 } 42. Rc1 } 42... Bxc1 } 43. Kxc1 }
43... Rf7 } 44. Ra5 } 44... Rfxa7 } 45. Rxc5 } 45... Ra1+ } 46. Kd2 } 46...
Re8 } 47. Re5 } 47... Ra3 } 48. g4 } 48... Kf7 } 49. g5 } 49... Rb8 } 50. Rc5
} 50... Rb2+ } 51. Kc1 } 51... Re2 } 52. Kb1 } 52... Rf3 } 53. Rc1 } 53...
Rxe4 } 54. Rd1 } 54... e5 } 55. Kc1 } 55... Rg4 } 56. Kd2 } 56... Rxg5 } 57.
Ke2 } 57... Re3+ } 58. Kd2 } 58... Rg2+ } 59. Kc1 } 59... h5 } 60. Rf1+ }
60... Kg6 } 61. Kd1 } 61... Ra3 } 62. Rg1 } 62... Ra1# } 0-1

[Event "North Idaho Open"]
[Site "Chess.com"]
[Date "2020.10.24"]
[Round "1"]
[White "karens7"]
[Black "siegfried23"]
[Result "0-1"]
[WhiteElo "938"]
[BlackElo "1526"]

1. d4 } 1... d5 } 2. c4 } 2... c6 } 3. Nc3 } 3... Nf6 } 4. Bg5 } 4... e6 } 5.
Bxf6 } 5... Qxf6 } 6. Nf3 } 6... Nd7 } 7. e3 } 7... Be7 } 8. Be2 } 8... O-O }
9. O-O } 9... b6 } 10. a4 } 10... Bb7 } 11. a5 } 11... c5 } 12. a6 } 12... Bc6
} 13. b3 } 13... Rfd8 } 14. cxd5 } 14... exd5 } 15. Bb5 } 15... Bxb5 } 16.
Nxb5 } 16... Rdc8 } 17. Rc1 } 17... Qc6 } 18. Na3 } 18... c4 } 19. Nb1 } 19...
b5 } 20. Nc3 } 20... Bb4 } 21. Na2 } 21... Ba3 } 22. Rb1 } 22... Qxa6 } 23. b4
} 23... c3 } 24. Nxc3 } 24... Rxc3 } 25. Qd2 } 25... Rac8 } 26. Ra1 } 26...
Qd6 } 27. Rab1 } 27... Bxb4 } 28. Qb2 } 28... a5 } 29. Rfc1 } 29... Rxc1+ }
30. Rxc1 } 30... Rxc1+ } 31. Qxc1 } 31... Nb6 } 32. Ne5 } 32... f6 } 33. Nc6 }
33... Nc4 } 34. Nxb4 } 34... Qxb4 } 35. g4 } 35... Qd2 } 36. Qb1 } 36... b4 }
37. h3 } 37... Qe2 } 38. Kg2 } 38... Nxe3+ } 39. Kg1 } 39... Qd1+ } 40. Qxd1 }
40... Nxd1 } 41. Kf1 } 41... b3 } 42. Ke1 } 42... b2 } 43. Kxd1 } 43... b1=Q+
} 44. Ke2 } 44... Qe4+ } 45. Kf1 } 45... a4 } {#R} 0-1

[Event "North Idaho Open"]
[Site "Chess.com"]
[Date "2020.10.24"]
[Round "1"]
[White "iballisticsquid123"]
[Black "bigdonkeyhead"]
[Result "1/2-1/2"]
[WhiteElo "2084"]
[BlackElo "1434"]

1. e4 } 1... c6 } 2. d4 } 2... d5 } 3. Nc3 } 3... Nf6 } 4. e5 } 4... Nfd7 } 5.
Bd3 } 5... e6 } 6. Nf3 } 6... Be7 } 7. Be3 } 7... c5 } 8. dxc5 } 8... Nxc5 }
9. Bb5+ } 9... Bd7 } 10. O-O } 10... Nc6 } 11. Qe2 } 11... a6 } 12. Bxc6 }
12... Bxc6 } 13. Nd4 } 13... Bd7 } 14. f4 } 14... Rc8 } 15. f5 } 15... exf5 }
16. Nxd5 } 16... O-O } 17. Rad1 } 17... Qe8 } 18. Nb6 } 18... Rc7 } 19. Nxd7 }
19... Rxd7 } 20. Nxf5 } 20... Ne6 } 21. Rxd7 } 21... Qxd7 } 22. Qd3 } 22...
Qc7 } 23. Nxe7+ } 23... Qxe7 } 24. Qd6 } 24... Qh4 } 25. Qd3 } 25... h6 } 26.
Qf5 } 26... Qc4 } 27. Rd1 } 27... Qxa2 } 28. b3 } 28... Qa5 } 29. h3 } 29...
Qb5 } 30. Rd3 } 30... Qc6 } 31. Rd6 } 31... Qc7 } 32. Qg4 } 32... Qxc2 } 33.
Rb6 } 33... Qc7 } 34. Qe4 } 34... Ng5 } 35. Rxb7 } 35... Qa5 } 36. Bxg5 }
36... hxg5 } 37. Qf5 } 37... Qe1+ } 38. Kh2 } 38... Qe3 } 39. Rb4 } 39... Re8
} 40. Qe4 } 40... Qc5 } 41. Rc4 } 41... Qxe5+ } 42. Qxe5 } 42... Rxe5 } 43.
Rc8+ } 43... Kh7 } 44. Rc6 } 44... Rb5 } 45. Rxa6 } 45... Rxb3 } 46. Ra7 }
46... f6 } 47. Ra4 } 47... Rb2 } 48. Re4 } 48... Kg6 } 49. Kg3 } 49... Rb3+ }
50. Kf2 } 50... Rb2+ } 51. Kg3 } 51... Rb5 } 52. Kf3 } 52... Rf5+ } 53. Kg3 }
{#d} 1/2-1/2

[Event "North Idaho Open"]
[Site "Chess.com"]
[Date "2020.10.24"]
[Round "1"]
[White "Jeffrey944"]
[Black "KaKod0121"]
[Result "0-1"]
[WhiteElo "1496"]
[BlackElo "2110"]

1. d4 } 1... d5 } 2. c4 } 2... c6 } 3. Nc3 } 3... Nf6 } 4. Nf3 } 4... e6 } 5.
a3 } 5... Be7 } 6. e3 } 6... O-O } 7. Be2 } 7... Nbd7 } 8. O-O } 8... c5 } 9.
cxd5 } 9... exd5 } 10. dxc5 } 10... Nxc5 } 11. b4 } 11... Nce4 } 12. Bb2 }
12... Nxc3 } 13. Bxc3 } 13... Ne4 } 14. Bb2 } 14... Be6 } 15. Nd4 } 15... Rc8
} 16. Rc1 } 16... Rxc1 } 17. Qxc1 } 17... Qb6 } 18. Nxe6 } 18... fxe6 } 19.
Bd4 } 19... Qd6 } 20. f3 } 20... e5 } 21. Bxa7 } 21... Ng5 } 22. Bc5 } 22...
Qd7 } 23. Rd1 } 23... Kh8 } 24. Bxe7 } 24... Qxe7 } 25. Rxd5 } 25... Qe6 } 26.
Rc5 } 26... h6 } 27. Rc7 } 27... Qg6 } 28. Qc2 } 28... e4 } 29. Kh1 } 29...
Qf6 } 30. Qc3 } 30... Qg6 } 31. f4 } 31... Ne6 } 32. Rxb7 } 32... Kh7 } 33. g4
} 33... Nd8 } 34. Rd7 } 34... Nc6 } 35. b5 } 35... Nb8 } 36. Rb7 } 36... Rg8 }
37. Qc7 } 37... Qf6 } 38. Qe5 } 38... Qh4 } 39. Qxe4+ } 39... Kh8 } 40. Qf3 }
40... Qe1+ } 41. Kg2 } 41... Qd2 } 42. f5 } 42... Nd7 } 43. Rxd7 } 43... Qxd7
} 44. a4 } 44... Qd2 } 45. e4 } 45... Rc8 } 46. Qd3 } 46... Qf4 } 47. Bf3 }
47... Qc1 } 48. e5 } 48... Rc2+ } 49. Kg3 } 49... Qg1+ } 50. Kf4 } 50... Qxh2+
} 51. Ke4 } 51... Rd2 } 52. Qc3 } 52... Rc2 } 53. Qd3 } 53... Rc5 } 54. Qd6 }
54... Qf2 } 55. Qf8+ } 55... Kh7 } 56. f6 } 56... Qe1+ } 57. Kd3 } 57... Qc3+
} 58. Ke4 } 58... Rxe5+ } 59. Kf4 } 59... Qe3+ } 60. Kg3 } 60... Rg5 } 61. f7
} 61... Qg1+ } 62. Kf4 } 62... Qh2+ } 63. Ke4 } 63... Re5+ } 64. Kd4 } 64...
Qf4+ } 65. Kc3 } 65... Qxf3+ } 66. Kd4 } 66... Qd5+ } 67. Kc3 } 67... Re3+ }
68. Kb4 } 68... Qd4+ } 69. Ka5 } 69... Qa7+ } 70. Kb4 } 70... Re4+ } 71. Kc3 }
71... Qc7+ } 72. Kd3 } 72... Qc4+ } 73. Kd2 } 73... Re2+ } 74. Kd1 } 74...
Qc2# } 0-1

[Event "North Idaho Open"]
[Site "Chess.com"]
[Date "2020.10.24"]
[Round "2"]
[White "BatmanNelson"]
[Black "Jeffrey944"]
[Result "0-1"]
[WhiteElo "1361"]
[BlackElo "1509"]

1. e4 } 1... e6 } 2. d4 } 2... d5 } 3. e5 } 3... c5 } 4. c3 } 4... Nc6 } 5.
Nf3 } 5... Bd7 } 6. Bg5 } 6... Qb6 } 7. Qd2 } 7... cxd4 } 8. cxd4 } 8... Rc8 }
9. Nc3 } 9... Bb4 } 10. a3 } 10... Bxc3 } 11. Qxc3 } 11... Nxe5 } 12. Qe3 }
12... Qxb2 } 13. Rd1 } 13... Nxf3+ } 14. Qxf3 } 14... Ba4 } 15. Rd2 } 15...
Qc1+ } 16. Ke2 } 16... Bb5+ } 17. Ke3 } 17... Rc3+ } 18. Kf4 } 18... Qxd2+ }
19. Kg4 } 19... Qxd4+ } 20. Qf4 } 20... h5+ } 21. Kh4 } 21... Qxf4+ } 22. Bxf4
} 22... Bxf1 } 23. Rxf1 } 23... Rc4 } 24. Kg5 } 24... Ne7 } 25. Be3 } 25...
Rg4# } 0-1

[Event "North Idaho Open"]
[Site "Chess.com"]
[Date "2020.10.24"]
[Round "2"]
[White "caracleliem"]
[Black "HandsomeTroll"]
[Result "0-1"]
[WhiteElo "1268"]
[BlackElo "1623"]

1. e4 } 1... c6 } 2. d4 } 2... d5 } 3. exd5 } 3... cxd5 } 4. Nc3 } 4... Nf6 }
5. Nf3 } 5... Nc6 } 6. Be3 } 6... Bf5 } 7. Bb5 } 7... Qb6 } 8. Bxc6+ } 8...
bxc6 } 9. Rb1 } 9... e6 } 10. O-O } 10... Bd6 } 11. Ne5 } 11... O-O } 12. Na4
} 12... Qa6 } 13. Nc3 } 13... Ne4 } 14. Nxe4 } 14... Bxe4 } 15. a3 } 15... Qa4
} 16. Nd3 } 16... Qa6 } 17. f3 } 17... Bxd3 } 18. Qxd3 } 18... Qxd3 } 19. cxd3
} 19... Rab8 } 20. Rfc1 } 20... Rfc8 } 21. Kf2 } 21... Rb3 } 22. Rd1 } 22...
Rcb8 } 23. Bd2 } 23... Rxb2 } 24. Rxb2 } 24... Rxb2 } 25. Ke3 } 25... Bxa3 }
26. Bc1 } 26... Rb3 } 27. Bxa3 } 27... Rxa3 } 28. Rb1 } 28... Kf8 } 29. Rb7 }
29... Ra6 } 30. Kf4 } 30... h6 } 31. g4 } 31... f6 } 32. h4 } 32... g5+ } 33.
hxg5 } 33... hxg5+ } 34. Kg3 } 34... e5 } 35. dxe5 } 35... fxe5 } 36. Kf2 }
36... Ra5 } 37. Ke3 } 37... Rb5 } 38. Rxa7 } 38... Rc5 } 39. Ra8+ } 39... Kf7
} 40. Ra7+ } 40... Kf6 } 41. Rc7 } 41... Rc3 } 42. Kd2 } 42... d4 } 43. Rd7 }
43... Ke6 } 44. Rg7 } 44... Kf6 } 45. Rd7 } 45... Rc5 } 46. Rd6+ } 46... Kf7 }
47. Rd7+ } 47... Ke6 } 48. Rg7 } 48... Kf6 } 49. Rd7 } 49... Rd5 } 50. Rc7 }
50... Rd6 } 51. Ra7 } 51... Re6 } 52. Ra6 } 52... Kf7 } 53. Ra7+ } 53... Re7 }
54. Ra6 } 54... Rc7 } 55. Ra5 } 55... Ke6 } 56. Rc5 } 56... Kd6 } 57. Rc4 }
57... Ra7 } 58. Kc1 } 58... Ra1+ } 59. Kb2 } 59... Rf1 } 60. Rc2 } 60... Rxf3
} {#R} 0-1

[Event "North Idaho Open"]
[Site "Chess.com"]
[Date "2020.10.24"]
[Round "2"]
[White "KaKod0121"]
[Black "siegfried23"]
[Result "1-0"]
[WhiteElo "2111"]
[BlackElo "1525"]

1. e4 } 1... e5 } 2. Nf3 } 2... Nc6 } 3. Bc4 } 3... Nf6 } 4. Ng5 } 4... d5 }
5. exd5 } 5... Na5 } 6. Bb5+ } 6... c6 } 7. dxc6 } 7... bxc6 } 8. Bd3 } 8...
Be7 } 9. Ne4 } 9... Nd5 } 10. O-O } 10... Nf4 } 11. Ng3 } 11... Nxd3 } 12.
cxd3 } 12... Qxd3 } 13. Re1 } 13... f6 } 14. Qa4 } 14... Qb5 } 15. Qxb5 }
15... cxb5 } 16. Nc3 } 16... Bd7 } 17. Nd5 } 17... Bd6 } 18. d4 } 18... O-O }
19. dxe5 } 19... Bxe5 } 20. f4 } 20... Bd4+ } 21. Kh1 } 21... Rfe8 } 22. Bd2 }
22... Nc4 } 23. Bc3 } 23... Bxc3 } 24. Nxc3 } 24... Kf7 } 25. b3 } 25... Ne3 }
26. Nge4 } 26... Rxe4 } 27. Nxe4 } 27... Nc2 } 28. Nd6+ } 28... Kf8 } 29. Rac1
} 29... Nxe1 } 30. Rxe1 } 30... Rd8 } 31. Rc1 } 31... Ke7 } 32. Ne4 } 32...
Rc8 } 33. Re1 } 33... Kf8 } 34. h3 } 34... Re8 } 35. Re2 } 35... Bf5 } 36. Ng3
} 36... Rxe2 } 37. Nxe2 } 37... Bb1 } 38. Nc3 } 38... Bd3 } 39. b4 } 39... Bc4
} 40. Kg1 } 40... Ke7 } 41. Kf2 } 41... Ke6 } 42. g3 } 42... g6 } 43. Ke3 }
43... f5 } 44. Kd4 } 44... a6 } 45. a4 } 45... Kd6 } 46. a5 } 46... h6 } 47.
Nd1 } 47... g5 } 48. Ne3 } 48... Be6 } 49. h4 } 49... gxh4 } 50. gxh4 } 50...
Bd7 } 51. Nd5 } 51... Bc6 } 52. Nf6 } 52... Ke6 } 53. Kc5 } 53... Bb7 } 54.
Kb6 } 54... Be4 } 55. Ne8 } 55... Kd5 } 56. Kxa6 } 56... Kc4 } 57. Kb6 } 57...
Kxb4 } 58. Nd6 } 58... Kc3 } 59. Nxb5+ } 59... Kd3 } 60. Nd6 } 60... Ke3 } 61.
Nxe4 } 61... fxe4 } 62. a6 } 62... Kxf4 } 63. a7 } 63... e3 } 64. a8=Q } 64...
e2 } 65. Qh1 } 65... Ke3 } 66. Qe1 } 66... Kf3 } 67. Kc5 } 67... Kg4 } 68.
Qxe2+ } 68... Kxh4 } 69. Qh2+ } 69... Kg5 } 70. Kd5 } 70... h5 } 71. Ke4 }
71... h4 } 72. Kf3 } {#r} 1-0

[Event "North Idaho Open"]
[Site "Chess.com"]
[Date "2020.10.24"]
[Round "2"]
[White "bigdonkeyhead"]
[Black "little_pikachu_soya"]
[Result "0-1"]
[WhiteElo "1430"]
[BlackElo "1637"]

1. e4 } 1... c5 } 2. Nf3 } 2... e6 } 3. d4 } 3... cxd4 } 4. Nxd4 } 4... Bc5 }
5. Be3 } 5... Qb6 } 6. b3 } 6... Nc6 } 7. c3 } 7... Nf6 } 8. Be2 } 8... Nxe4 }
9. O-O } 9... O-O } 10. Bf3 } 10... Nf6 } 11. Nxc6 } 11... bxc6 } 12. Bxc5 }
12... Qxc5 } 13. b4 } 13... Qb6 } 14. Qd6 } 14... Qb8 } 15. Qc5 } 15... Bb7 }
16. Nd2 } 16... d6 } 17. Qe3 } 17... Qc7 } 18. Rad1 } 18... Rad8 } 19. a4 }
19... a6 } 20. a5 } 20... d5 } 21. Nb3 } 21... Rfe8 } 22. Nc5 } 22... e5 } 23.
Qg5 } 23... Nd7 } 24. Nxb7 } 24... Qxb7 } 25. Rfe1 } 25... e4 } 26. Bg4 }
26... Ne5 } 27. Bf5 } 27... Nd3 } 28. Re3 } 28... Nb2 } 29. Rf1 } 29... Qe7 }
30. Qf4 } 30... Nd3 } 31. Qg3 } 31... Qf6 } 32. Bg4 } 32... Ne5 } 33. Be2 }
33... Qg6 } 34. Bxa6 } 34... Qxg3 } 35. Rxg3 } 35... Nc4 } 36. Bb7 } 36... Re6
} 37. h3 } 37... Rb8 } 38. a6 } 38... Nb6 } 39. Re3 } 39... Kf8 } 40. g4 }
40... Ke7 } 41. Rb1 } 41... Kd7 } 42. b5 } 42... c5 } 43. Rd1 } 43... Rd6 }
44. f3 } 44... exf3 } 45. Rxf3 } 45... f6 } 46. Rfd3 } 46... Rxb7 } 47. axb7 }
47... Kc7 } 48. Re1 } 48... Rd7 } 49. Rde3 } 49... Kxb7 } 50. Re7 } 50... Kc7
} 51. Re8 } 51... Nc4 } 52. Ra8 } 52... Ne5 } 53. Ra7+ } 53... Kd6 } 54. Rxd7+
} 54... Kxd7 } 55. b6 } 55... Nf3+ } 56. Kf2 } 56... Nxe1 } 57. Kxe1 } 57...
Kc6 } 58. Kd2 } 58... Kxb6 } 59. Kd3 } 59... Kb5 } 60. Kc2 } 60... Kc4 } 61.
Kd2 } 61... d4 } 62. cxd4 } 62... cxd4 } 63. Kc2 } 63... d3+ } 64. Kd2 } 64...
g6 } 65. Kd1 } 65... f5 } 66. gxf5 } 66... gxf5 } 67. Kd2 } 67... f4 } 68. Kd1
} 68... f3 } 69. Ke1 } 69... Kc3 } 70. Kf2 } 70... d2 } 71. Kxf3 } 71... d1=Q+
} {#R} 0-1

[Event "North Idaho Open"]
[Site "Chess.com"]
[Date "2020.10.24"]
[Round "2"]
[White "jovial_adversary"]
[Black "iballisticsquid123"]
[Result "0-1"]
[WhiteElo "1878"]
[BlackElo "2089"]

1. Nf3 } 1... Nc6 } 2. d4 } 2... d5 } 3. g3 } 3... Bf5 } 4. c4 } 4... dxc4 }
5. Qa4 } 5... Nf6 } 6. Bg2 } 6... e6 } 7. Qxc4 } 7... Bb4+ } 8. Nc3 } 8... Nd5
} 9. Bd2 } 9... Na5 } 10. Qb5+ } 10... c6 } 11. Qa4 } 11... b5 } 12. Qd1 }
12... Nc4 } 13. Nxd5 } 13... Bxd2+ } 14. Nxd2 } 14... cxd5 } 15. O-O } 15...
O-O } 16. b3 } 16... Na3 } 17. Rc1 } 17... b4 } 18. Nf3 } 18... Nb5 } 19. Qd2
} 19... a5 } 20. Nh4 } 20... Bg6 } 21. Nxg6 } 21... hxg6 } 22. Rc2 } 22... Rc8
} 23. Rfc1 } 23... Qd7 } 24. e3 } 24... Rxc2 } 25. Rxc2 } 25... Rc8 } 26. Bf1
} 26... Nc3 } 27. Kg2 } 27... Ne4 } 28. Qc1 } 28... Rc3 } 29. Rxc3 } 29...
Nxc3 } 30. Qc2 } 30... a4 } 31. bxa4 } 31... Qxa4 } 32. Qxa4 } 32... Nxa4 }
33. Kf3 } 33... Nc3 } 34. Bd3 } 34... Nxa2 } 35. Ke2 } 35... Nc1+ } 36. Kd2 }
36... Nb3+ } 37. Kc2 } 37... Na5 } 38. Bb5 } 38... Kf8 } 39. Kd3 } 39... Ke7 }
40. h4 } 40... f6 } 41. f3 } 41... Kd6 } 42. e4 } 42... e5 } 43. dxe5+ } 43...
fxe5 } 44. exd5 } 44... Kxd5 } 45. Be8 } 45... g5 } 46. hxg5 } 46... Nb7 } 47.
Bg6 } 47... Nc5+ } 48. Kc2 } 48... Kd4 } 49. f4 } 49... exf4 } 50. gxf4 }
50... Ne6 } 51. Kb3 } 51... Kc5 } 52. Bf7 } 52... Nxf4 } 53. g6 } 53... Ne2 }
54. Kb2 } 54... Nd4 } 55. Bg8 } 55... Nf5 } 56. Kb3 } 56... Kb5 } 57. Bc4+ }
57... Ka5 } 58. Bf7 } 58... Kb5 } 59. Bc4+ } 59... Kc5 } 60. Bf7 } 60... Nd4+
} 61. Kb2 } 61... Kb5 } 62. Be8+ } 62... Kc4 } 63. Bf7+ } 63... Kd3 } 64. Bd5
} 64... b3 } 65. Bf7 } 65... Ke4 } 66. Bc4 } 66... Kf5 } 67. Bd3+ } 67... Ke5
} 68. Bc4 } 68... Kd6 } 69. Bxb3 } 69... Nxb3 } 70. Kxb3 } 70... Ke6 } 71. Kc4
} 71... Kf6 } 72. Kd3 } 72... Kxg6 } 73. Ke4 } 73... Kg5 } 74. Kf3 } 74... Kh4
} 75. Kg2 } 75... Kg4 } 76. Kf2 } 76... Kh3 } 77. Kf3 } 77... g5 } {#R} 0-1